Transparencia y buen gobierno: la rendición de cuentas -accountability- en una sociedad avanzada. El posicionamiento de las universidades
Збережено в:
| Автор: | |
|---|---|
| Формат: | Книга |
| Мова: | Іспанська |
| Опубліковано: |
Barcelona
Icaria
2002
|
| Редагування: | 1a. ed |
| Предмети: | |
| Теги: |
Додати тег
Немає тегів, Будьте першим, хто поставить тег для цього запису!
|
MARC
| LEADER | 00000cam a2200000 a 4500 | ||
|---|---|---|---|
| 001 | UCE0281 | ||
| 003 | CL-VaPUC | ||
| 008 | 140109e20021200sp |||||||||||||||||spa|d | ||
| 020 | |a 8474266165 | ||
| 082 | 0 | 4 | |a 378.106 |b NON |2 21 |
| 100 | |a Nonell, Rosa |e autora |9 572663 | ||
| 245 | 1 | 0 | |a Transparencia y buen gobierno: la rendición de cuentas -accountability- en una sociedad avanzada. El posicionamiento de las universidades |
| 250 | |a 1a. ed | ||
| 300 | |a 94 p | ||
| 942 | |c BK | ||
| 945 | |d 20140109 11:50:00 |a dcastane | ||
| 260 | |a Barcelona |b Icaria |c 2002 | ||
| 650 | 0 | |a Educación superior |9 223851 | |
| 583 | |a last modification |c 20140109 11:50:00 |k Rodrigo Vera | ||
| 999 | |c 354482 |d 354480 | ||
| 952 | |0 0 |1 0 |3 erb |4 0 |6 378_106000000000000_NON_2002 |7 0 |8 A |9 460384 |a BIBCUR |b BIBCUR |i 5039002 |o 378.106 NON 2002 |p 5039002 |r 2025-04-22 |w 2019-11-23 |y BK |z Catalogado en:20140109 |k BCB | ||